Từ điển biểu tượng văn hoá thế giới : huyền thoại, chiêm mộng, phong tục, cử chỉ, dạng thể, các hình, màu sắc, con số /

Bewaard in:
Bibliografische gegevens
Hoofdauteur: Chevalier, Jean.
Andere auteurs: Gheerbrant, Alain.
Formaat: Boek
Taal:Vietnamese
Gepubliceerd in: Đà Nẵng : Nxb Đà Nẵng, 2002.
Editie:Tái bản lần 2.
Onderwerpen:
Tags: Voeg label toe
Geen labels, Wees de eerste die dit record labelt!
Thư viện lưu trữ: Mạng thư viện Đại học Đà Nẵng
LEADER 01336cam a2200385 a 4500
001 000043939
003 2073
005 20060420161203.0
008 010217b2002 vm 000 vie
020 |c 200000 
040 |a LRC  |c LRC  |d LRC 
041 1 |a vie 
082 1 4 |a 306.03  |b CH-J 
100 1 |a Chevalier, Jean. 
245 1 0 |a Từ điển biểu tượng văn hoá thế giới :  |b huyền thoại, chiêm mộng, phong tục, cử chỉ, dạng thể, các hình, màu sắc, con số /  |c Jean Chevalier, Alain Gheerbrant. 
250 |a Tái bản lần 2. 
260 |a Đà Nẵng :  |b Nxb Đà Nẵng,  |c 2002. 
300 |a 1142 tr. ;  |c 27 cm. 
630 0 4 |a Văn hoá. 
630 0 4 |a Từ điển. 
630 0 4 |a Biểu tượng văn hoá thế giới. 
650 0 4 |a Văn hoá  |v Từ điển. 
700 1 |a Gheerbrant, Alain. 
OWN |a DUT 
AVA |a UDN50  |b DUT  |c Book  |d 306.03 CH-J  |e available  |t Error 5001 Not defined in file expand_doc_bib_avail.  |f 3  |g 0  |h N  |i 0  |j SH  |k 1 
999 |a From the UDN01 
AVA |a UDN50  |b DUT  |c Book  |d 306.03 CH-J  |e available  |t Error 5001 Not defined in file expand_doc_bib_avail.  |f 3  |g 0  |h N  |i 0  |j SH  |k 1 
TYP |a Monograph 
TYP |a Printed language 
980 |a Mạng thư viện Đại học Đà Nẵng